The greek and roman historians
Uloženo v:
| Hlavní autor: | |
|---|---|
| Médium: | Kniha |
| Jazyk: | angličtina |
| Vydáno: |
Londres
Bristol Classical Press
2003
|
| Vydání: | 1a. ed |
| Edice: | Classical World Series
|
| Témata: | |
| Tagy: |
Přidat tag
Žádné tagy, Buďte první, kdo vytvoří štítek k tomuto záznamu!
|
MARC
| LEADER | 00000cam a2200000 a 4500 | ||
|---|---|---|---|
| 001 | UCG8300 | ||
| 003 | CL-VaPUC | ||
| 008 | 111202e20030000UK |||||||||||||||||eng|d | ||
| 020 | |a 9781853996016 | ||
| 082 | 0 | 4 | |a 907.202 |b DUF |2 21 |
| 100 | 0 | |a Duff, Timothy E |e author |9 559276 | |
| 245 | 1 | 4 | |a The greek and roman historians |
| 250 | |a 1a. ed | ||
| 300 | |a 136 p | ||
| 942 | |c BK | ||
| 945 | |d 20111202 00:00:00 |a cmena | ||
| 260 | |a Londres |b Bristol Classical Press |c 2003 | ||
| 650 | 0 | |a Historiadores |9 314498 | |
| 650 | 0 | |a Historia antigua |9 267521 | |
| 650 | 0 | |a Investigación histórica |9 344844 | |
| 650 | 0 | |a Historia antigua |9 267521 | |
| 651 | 0 | |a Roma |9 255106 | |
| 651 | 0 | |a Grecia |9 265314 | |
| 583 | |a last modification |c 20111202 14:14:00 |k Rodrigo Vera | ||
| 490 | 0 | |a Classical World Series | |
| 999 | |c 345919 |d 345917 | ||
| 952 | |0 0 |1 0 |4 0 |6 907_202000000000000_DUF_2003 |7 0 |8 A |9 446306 |a BIBHIS |b BIBHIS |d 2019-11-22 |i 4803558 |l 1 |m 1 |o 907.202 DUF 2003 |p 4803558 |q 2025-07-11 |r 2025-04-15 |s 2025-04-15 |w 2019-11-22 |y BK |k HIS | ||